Impacts of Spartan Race on tourism of Hungary

Bibliographic Details
Main Author: Ujvári Zsuzsanna
Other Authors: Kovács dr. Miklós
Format: Thesis
Kulcsszavak:sportturizmus
Spartan Race
akadályfutás
Online Access:http://dolgozattar.uni-bge.hu/21018

MARC

LEADER 00000nta a2200000 i 4500
001 dolg21018
005 20190910130512.0
008 190514suuuu hu om 000 eng d
040 |a BGE Dolgozattár Repozitórium  |b hun 
041 |a en 
100 1 |a Ujvári Zsuzsanna 
245 1 0 |a Impacts of Spartan Race on tourism of Hungary  |c Ujvári Zsuzsanna  |h [elektronikus dokumentum] 
246 1 1 |a A Spartan Race Magyarország turizmusára gyakorolt hatása 
246 1 1 |a Impacts of Spartan Race on tourism of Hungary 
695 |a sportturizmus 
695 |a Spartan Race 
695 |a akadályfutás 
700 1 |a Kovács dr. Miklós  |e ths 
856 4 0 |u http://dolgozattar.uni-bge.hu/21018/1/UJVARI_ZSUZSANNA_BN5LGI.pdf  |z Dokumentum-elérés